'S' Sorting Gallery Quiz Stats

 Plays Quiz Updated Dec 9, 2019

Support Sporcle.
Go Orange.
Score 0/55 Timer 04:00
1 Play Today
% Correct
Sweden
96.3%
Slovakia
95.2%
Spain
95.1%
Serbia
95%
Selenium
94.6%
Sodium
94.6%
Somalia
94.4%
Samoa
93.9%
Syria
93.7%
Scandium
93.4%
Sulfur
93.4%
Strontium
93.3%
Seahawks
93.2%
Sydney
93.1%
Silicon
92.8%
Sharks
92.5%
Samarium
92.4%
Steelers
92.3%
Sudan
92.3%
Senegal
92.2%
Silver
92%
Seoul
91.7%
Spurs
91.6%
Stockholm
91.5%
Seaborgium
90.5%
Suns
90.2%
Senators
89.6%
Stars
89.3%
% Correct
Saxophone
89.1%
Stravinsky
88.4%
Supercalifragilisticexpialidocious
87.8%
Sabres
87.7%
Sneezy
87.4%
Sleepy
87.3%
Sharapova
86.7%
Sarajevo
86.1%
Strauss
85.7%
Sectumsempra
85.2%
Scourgify
84.7%
Schumann
84.5%
Serpensortia
84.3%
Stupefy
84.1%
Sochi
83.3%
Silencio
83%
Sitar
81.9%
Sampras
81.7%
Suriname
80.4%
Shostakovich
80.4%
St. Moritz
77.5%
Smith
73.6%
Spinet
72.9%
Sonorus
70.4%
Sapporo
59%
Saint-Saëns
56.7%
Stich
42.4%

You're not logged in!

Compare scores with friends on all Sporcle quizzes.
OR
Log In
Forgot?

From the Vault

Broadway Show by Costume

by LisaSimpsonOH

This is one of the best dressed quizzes you'll play all week.
Remove Ads.
Support Sporcle.
Get the best of Sporcle when you Go Orange. This ad-free experience offers more features, more stats, and more fun while also helping to support Sporcle. Thank you for becoming a member.

Show Comments

Extras

Top Quizzes Today


Score Distribution

Your Account Isn't Verified!

In order to create a playlist on Sporcle, you need to verify the email address you used during registration. Go to your Sporcle Settings to finish the process.

Report this User

Report this user for behavior that violates our Community Guidelines.

Details: